000 00613nam a2200205 a 4500
999 _c7860
_d7860
001 7860
003 BD-JhCC
005 20180214174900.0
008 180213s2008 bg d|||| |||| 000 0 ben d
035 _a(BD-JhCC) 7860
040 _aBD-JhCC
_dBD-JhCC
041 _aben
082 _a330.95492
_bBAN 2008
245 _aবাংলাদেশ অর্থনৈতিক সমীক্ষা-২০১২ /
260 _aঢাকা :
_bঅর্থমণ্এণালয়,
_c2012.
300 _a278p. :
_c24 cm.
_bill. ;
650 _aEconomics condition
_zBangladesh
942 _2ddc
_cBK